| 000 | 00461nam a2200157Ia 4500 | ||
|---|---|---|---|
| 003 | OSt | ||
| 005 | 20200814125637.0 | ||
| 008 | 190216s9999||||xx |||||||||||||| ||und|| | ||
| 040 | _coclc | ||
| 082 |
_a543.5 _bSHA/S |
||
| 100 | 1 |
_aSharma, B. K. _91147 _d1954- _q(Brij Kishore), |
|
| 245 | 0 |
_aSpectroscopy / _cB K Sharma |
|
| 260 |
_bGoel Publishing House, _c1995. _aMeerut: |
||
| 300 | _a604p | ||
| 942 |
_cBK _2ddc _h543.5 _iSHA/S _k543.5 _mSHA/S |
||
| 999 |
_c33683 _d33683 |
||